000
00304nam a2200133Ia 4500
008
260604s9999 xx 000 0 und d
020
_a
9780143475057
082
_a
895.7 JEO
100
_a
You-jeong jeong
_9
35928
245
0
_a
Perfect Happiness
260
_b
Penguin
500
_a
Happiness
942
_c
BK
999
_c
8768
_d
8768